000 00871nam a2200241Ia 4500
003 OSt
005 20220925195502.0
006 a|||||r|||| 00| 0
007 ta
008 220923b |||||||| |||| 00| 0 eng d
020 _a9780986132513
_c910.09000000000003
037 _b7750, 22/03/2016, Efficient Book Distributors
_cGeneral Book
040 _aRTL
_cRTL
_beng
041 _2eng
_aeng
082 _aY:3(P111:795), Q5
100 _aHANKS William F
_921640
245 0 _aTranslating worlds
_b The epistemological space of translation Special issue in ethnographic theory series
260 _aChicago
_bHAU Books
_c2015
300 _aix, 324p
_ccm.
700 _a SEVERI Carlo
_9254679
942 _hY:3(P111:795), Q5
_cGB
_2CC
999 _c533101
_d533101